[Event "Titled Tuesday intern op 26th Sep Early"]
[Site "Chess.com INT"]
[Date "2023.09.26"]
[Round "7"]
[White "Alberto, Manuel"]
[Black "Guzman Lozano, Campo Elias"]
[Result "1-0"]
[WhiteElo "2129"]
[BlackElo "1837"]
[PlyCount "81"]
[EventDate "2023.09.26"]
[EventType "swiss (blitz)"]
[EventRounds "11"]
[EventCountry "USA"]
[SourceTitle "EXT 2024"]
[Source "ChessBase"]
[SourceDate "2023.10.10"]
[SourceVersion "1"]
[SourceVersionDate "2023.10.10"]
[SourceQuality "1"]

1. e4 c5 2. Nf3 Nc6 3. Bb5 e5 4. 0-0 Nge7 5. Re1 a6 6. Bf1 d6 7. c3 Ng6 8. d4 Qc7 9. h3 Be7 10. d5 Nb8 11. c4 0-0 12. a4 f5 13. exf5 Bxf5 14. Nc3 Nd7 15. Bg5 Nf6 16. Nh4 Nxh4 17. Bxh4 Rae8 18. g4 Bc8 19. Bg2 Kh8 20. Bg3 Ng8 21. Ne4 Bd7 22. Qd3 Nh6 23. Rf1 Nf7 24. Qe3 b5 25. axb5 axb5 26. b3 b4 27. Ra6 Ra8 28. Rfa1 Rxa6 29. Rxa6 Bc8 30. Ra8 Bb7 31. Rxf8+ Bxf8 32. f4 Qe7 33. fxe5 Nxe5 34. Qf4 Bc8 35. Nxd6 Nd3 36. Nxc8 Qd8 37. Qc7 Qf6 38. d6 Qa1+ 39. Kh2 Qd4 40. d7 Nf2 41. d8Q 1-0

[Event "Titled Tuesday intern op 26th Sep Early"]
[Site "Chess.com INT"]
[Date "2023.09.26"]
[Round "5"]
[White "Babayeva, Nasrin"]
[Black "Alberto, Manuel"]
[Result "1/2-1/2"]
[WhiteElo "1889"]
[BlackElo "2129"]
[PlyCount "115"]
[EventDate "2023.09.26"]
[EventType "swiss (blitz)"]
[EventRounds "11"]
[EventCountry "USA"]
[SourceTitle "EXT 2024"]
[Source "ChessBase"]
[SourceDate "2023.10.10"]
[SourceVersion "1"]
[SourceVersionDate "2023.10.10"]
[SourceQuality "1"]

1. c4 Nf6 2. g3 d5 3. cxd5 Qxd5 4. Nf3 Bg4 5. Bg2 c5 6. Nc3 Qd8 7. 0-0 Nc6 8. d3 e6 9. Be3 Rc8 10. Rc1 Be7 11. h3 Bh5 12. Na4 b6 13. g4 Bg6 14. d4 Nxd4 15. Nxd4 cxd4 16. Rxc8 Qxc8 17. Qxd4 0-0 18. Rc1 Qa6 19. Bf3 Rd8 20. Qc4 b5 21. Qc7 Rd7 22. Qc8+ Qxc8 23. Rxc8+ Rd8 24. Rxd8+ Bxd8 25. Nc3 b4 26. Nb5 a5 27. Nd6 Nd5 28. Bxd5 exd5 29. Nb7 Bc7 30. f4 Bb1 31. a3 bxa3 32. bxa3 Ba2 33. Kf2 Bc4 34. Kf3 Kf8 35. Bc5+ Ke8 36. Nd6+ Kd7 37. Nxf7 Kc6 38. Bd4 g6 39. Ng5 h5 40. f5 hxg4+ 41. hxg4 gxf5 42. gxf5 Bd6 43. Bb2 Kb5 44. f6 Ka4 45. f7 Kb3 46. Be5 Bxa3 47. Ne6 Be7 48. f8Q Bxf8 49. Nxf8 a4 50. Nd7 a3 51. Nc5+ Kc2 52. Ke3 Kb1 53. Na4 a2 54. Nc3+ Kc2 55. Nxa2 Bxa2 56. Kd4 Kd2 57. e4 dxe4 58. Kxe4 1/2-1/2

[Event "Titled Tuesday intern op 26th Sep Early"]
[Site "Chess.com INT"]
[Date "2023.09.26"]
[Round "8"]
[White "Ramadoss, Ashokkumar"]
[Black "Alberto, Manuel"]
[Result "0-1"]
[WhiteElo "2110"]
[BlackElo "2129"]
[PlyCount "80"]
[EventDate "2023.09.26"]
[EventType "swiss (blitz)"]
[EventRounds "11"]
[EventCountry "USA"]
[SourceTitle "EXT 2024"]
[Source "ChessBase"]
[SourceDate "2023.10.10"]
[SourceVersion "1"]
[SourceVersionDate "2023.10.10"]
[SourceQuality "1"]

1. Nf3 Nf6 2. c4 c5 3. Nc3 Nc6 4. d4 cxd4 5. Nxd4 e5 6. Ndb5 Bb4 7. Bg5 0-0 8. a3 Bxc3+ 9. Nxc3 h6 10. Bxf6 Qxf6 11. Nd5 Qd8 12. e3 d6 13. Be2 Be6 14. 0-0 Ne7 15. Bf3 Rc8 16. Rc1 Bxd5 17. Bxd5 b6 18. f4 exf4 19. exf4 Rc5 20. b4 Nxd5 21. bxc5 Ne3 22. Qxd6 Nxf1 23. Rxf1 bxc5 24. Qxc5 Qd7 25. f5 Rc8 26. Qe5 Rxc4 27. f6 Qd4+ 28. Qxd4 Rxd4 29. fxg7 Rd3 30. Rf3 Rxf3 31. gxf3 Kxg7 32. Kg2 Kf6 33. Kf2 Ke5 34. Ke3 f5 35. f4+ Kd5 36. Kd3 h5 37. h4 a6 38. Ke3 Kc4 39. a4 a5 40. Kd2 Kd4 0-1

[Event "Titled Tuesday intern op 25th Jul Early"]
[Site "Chess.com INT"]
[Date "2023.07.25"]
[Round "7"]
[White "Kopczynski, Michal"]
[Black "Alberto, Manuel"]
[Result "0-1"]
[WhiteElo "2225"]
[BlackElo "2173"]
[PlyCount "88"]
[EventDate "2023.07.25"]
[EventType "swiss (blitz)"]
[EventRounds "11"]
[EventCountry "USA"]
[SourceTitle "EXT 2024"]
[Source "ChessBase"]
[SourceDate "2023.10.10"]
[SourceVersion "1"]
[SourceVersionDate "2023.10.10"]
[SourceQuality "1"]

1. e4 c5 2. d4 cxd4 3. c3 d3 4. Bxd3 d6 5. f4 Nf6 6. Nf3 g6 7. 0-0 Bg7 8. Kh1 0-0 9. Qe1 Nc6 10. Be3 Ng4 11. Bg1 e5 12. f5 gxf5 13. exf5 d5 14. h3 Nh6 15. f6 Qxf6 16. Bb5 Qg6 17. Bxc6 bxc6 18. Nxe5 Qh5 19. Nxc6 Bxh3 20. gxh3 Qxh3+ 21. Bh2 Ng4 22. Qg3 Qxf1+ 23. Bg1 h5 24. Ne7+ Kh7 25. Nd2 Qxa1 26. Qh4 Qd1 27. Qxh5+ Bh6 28. Qf5+ Kg7 29. Nf3 Nf6 30. Qh3 Rh8 31. Nf5+ Kg8 32. Kg2 Qe2+ 33. Bf2 Bf4 34. Ne7+ Kg7 35. Nf5+ Kg6 36. Ne7+ Qxe7 37. Nh4+ Rxh4 38. Qxh4 Qe4+ 39. Kf1 Re8 40. Qh3 Qe2+ 41. Kg2 Re4 42. Qc8 Be3 43. Kh3 Bxf2 44. Qg4+ Qxg4+ 0-1

[Event "Titled Tuesday intern op 27th Jun Late"]
[Site "Chess.com INT"]
[Date "2023.06.27"]
[Round "1"]
[White "Alberto, Manuel"]
[Black "Khamzin, Olzhas"]
[Result "0-1"]
[WhiteElo "2173"]
[BlackElo "2272"]
[PlyCount "108"]
[EventDate "2023.06.27"]
[EventType "swiss (blitz)"]
[EventRounds "11"]
[EventCountry "USA"]
[SourceTitle "EXT 2024"]
[Source "ChessBase"]
[SourceDate "2023.10.10"]
[SourceVersion "1"]
[SourceVersionDate "2023.10.10"]
[SourceQuality "1"]

1. e4 d5 2. exd5 Qxd5 3. Nc3 Qa5 4. d4 Nf6 5. Nf3 c6 6. Be2 Bf5 7. 0-0 h6 8. a4 e6 9. Bf4 Nbd7 10. Ne5 Bb4 11. Nc4 Qd8 12. Nd6+ Bxd6 13. Bxd6 Nb6 14. Ba3 Nbd5 15. Nxd5 Nxd5 16. Bd3 Bxd3 17. Qxd3 Ne7 18. Qb3 Qc7 19. Qb4 a5 20. Qc5 b6 21. Qe5 Qxe5 22. dxe5 c5 23. c4 Nc6 24. f4 0-0-0 25. Rad1 Rxd1 26. Rxd1 Rd8 27. Rxd8+ Kxd8 28. Kf2 Nd4 29. Ke3 h5 30. g3 Ke7 31. h3 f6 32. exf6+ Kxf6 33. g4 hxg4 34. hxg4 e5 35. Ke4 exf4 36. Kxf4 g5+ 37. Ke4 Ke6 38. b4 axb4 39. Bxb4 cxb4 40. Kxd4 Kd6 41. Ke4 Kc5 42. Kd3 b3 43. Kc3 b2 44. Kxb2 Kxc4 45. Ka3 Kc3 46. a5 bxa5 47. Ka4 Kd4 48. Kxa5 Ke4 49. Kb4 Kf4 50. Kc3 Kxg4 51. Kd2 Kh3 52. Ke1 g4 53. Kf1 Kh2 54. Kf2 g3+ 0-1

[Event "Titled Tuesday intern op 27th Jun Late"]
[Site "Chess.com INT"]
[Date "2023.06.27"]
[Round "3"]
[White "Fajdetic, Hrvoje"]
[Black "Alberto, Manuel"]
[Result "1-0"]
[WhiteElo "2151"]
[BlackElo "2173"]
[PlyCount "69"]
[EventDate "2023.06.27"]
[EventType "swiss (blitz)"]
[EventRounds "11"]
[EventCountry "USA"]
[SourceTitle "EXT 2024"]
[Source "ChessBase"]
[SourceDate "2023.10.10"]
[SourceVersion "1"]
[SourceVersionDate "2023.10.10"]
[SourceQuality "1"]

1. b3 Nf6 2. Bb2 e6 3. f4 d5 4. Nf3 c5 5. e3 a6 6. Be2 Nc6 7. 0-0 b5 8. a4 b4 9. d3 Bb7 10. Qe1 Be7 11. Qg3 0-0 12. Nbd2 Ne8 13. Ne5 Bf6 14. Ndf3 Nd6 15. Nxc6 Bxc6 16. Ne5 Bb7 17. Qh3 Rc8 18. Rab1 g6 19. g4 Bg7 20. g5 Nf5 21. Bg4 Re8 22. Bxf5 exf5 23. Qg3 Qb6 24. h4 Qc7 25. h5 a5 26. Rf2 Ba6 27. hxg6 hxg6 28. Rh2 c4 29. Bd4 cxb3 30. cxb3 Qd6 31. Qh4 Rc3 32. Nc4 Bxd4 33. Nxd6 Bxe3+ 34. Kh1 Re6 35. Qh8# 1-0

[Event "Titled Tuesday intern op 27th Jun Late"]
[Site "Chess.com INT"]
[Date "2023.06.27"]
[Round "4"]
[White "Kostiukov, Alexandr"]
[Black "Alberto, Manuel"]
[Result "1-0"]
[WhiteElo "2271"]
[BlackElo "2173"]
[PlyCount "155"]
[EventDate "2023.06.27"]
[EventType "swiss (blitz)"]
[EventRounds "11"]
[EventCountry "USA"]
[SourceTitle "EXT 2024"]
[Source "ChessBase"]
[SourceDate "2023.10.10"]
[SourceVersion "1"]
[SourceVersionDate "2023.10.10"]
[SourceQuality "1"]

1. e4 c5 2. Nf3 d6 3. d4 cxd4 4. Nxd4 Nf6 5. Nc3 a6 6. Be2 e5 7. Nb3 Be6 8. Rg1 h5 9. Bg5 Nbd7 10. Qd2 Rc8 11. 0-0-0 Be7 12. Kb1 b5 13. Bxf6 Nxf6 14. Nd5 Nxe4 15. Qe3 Bxd5 16. Rxd5 Nf6 17. Rdd1 Qc7 18. c3 0-0 19. g4 hxg4 20. Bxg4 Nxg4 21. Rxg4 Rfd8 22. Qh6 g6 23. Rdg1 Bf8 24. Qd2 Bg7 25. h4 d5 26. h5 Rd6 27. hxg6 fxg6 28. Rxg6 Rxg6 29. Rxg6 Qf7 30. Rxa6 d4 31. Rd6 dxc3 32. bxc3 Qf5+ 33. Kb2 e4 34. Rd8+ Rxd8 35. Qxd8+ Kh7 36. Qh4+ Kg6 37. Nd4 Qd5 38. Qg4+ Kf7 39. Qf5+ Qxf5 40. Nxf5 Be5 41. Kb3 Ke6 42. Nd4+ Bxd4 43. cxd4 Kd5 44. Kc3 b4+ 45. Kxb4 Kxd4 46. a4 Kd3 47. a5 Ke2 48. a6 Kxf2 49. a7 e3 50. a8Q e2 51. Qf8+ Ke3 52. Qe7+ Kd2 53. Qd6+ Kc2 54. Qe5 Kd2 55. Qd4+ Kc2 56. Qe4+ Kd2 57. Qg2 Kd1 58. Qf3 Kd2 59. Qc3+ Kd1 60. Qa1+ Kd2 61. Qb2+ Kd1 62. Qb1+ Kd2 63. Qb2+ Kd1 64. Qd4+ Kc2 65. Qc3+ Kd1 66. Qd3+ Ke1 67. Kc3 Kf2 68. Qf5+ Ke3 69. Qe5+ Kf2 70. Kd2 e1Q+ 71. Qxe1+ Kf3 72. Kd3 Kf4 73. Qe4+ Kg5 74. Qf3 Kg6 75. Qf4 Kg7 76. Qf5 Kg8 77. Qd7 Kf8 78. Ke4 1-0

[Event "Titled Tuesday intern op 20th Jun Early"]
[Site "Chess.com INT"]
[Date "2023.06.20"]
[Round "6"]
[White "Alberto, Manuel"]
[Black "Simonovic, Miroslav"]
[Result "0-1"]
[WhiteElo "2173"]
[BlackElo "2082"]
[PlyCount "66"]
[EventDate "2023.06.20"]
[EventType "swiss (blitz)"]
[EventRounds "11"]
[EventCountry "USA"]
[SourceTitle "EXT 2024"]
[Source "ChessBase"]
[SourceDate "2023.10.10"]
[SourceVersion "1"]
[SourceVersionDate "2023.10.10"]
[SourceQuality "1"]

1. e4 c5 2. Nf3 Nc6 3. Bb5 g6 4. 0-0 Bg7 5. Bxc6 dxc6 6. Re1 e5 7. h3 Ne7 8. d3 0-0 9. a4 h6 10. a5 Be6 11. b3 b6 12. Be3 Qd7 13. Qd2 Kh7 14. Nc3 f5 15. Qe2 f4 16. Bd2 g5 17. Nh2 Kg6 18. Na4 Rab8 19. axb6 axb6 20. b4 cxb4 21. Bxb4 c5 22. Bc3 h5 23. Nf3 Nc6 24. Reb1 Qc7 25. Nd2 Nd4 26. Bxd4 cxd4 27. f3 Rfc8 28. Rc1 b5 29. Nb2 Ra8 30. Rab1 Ra2 31. Nd1 Bd7 32. c3 dxc3 33. Rc2 Rxc2 0-1

[Event "Titled Tuesday intern op 04th Apr Early"]
[Site "Chess.com INT"]
[Date "2023.04.04"]
[Round "10"]
[White "Alberto, Manuel"]
[Black "Romero Pallares, Daniel"]
[Result "0-1"]
[WhiteElo "2173"]
[BlackElo "2275"]
[PlyCount "96"]
[EventDate "2023.04.04"]
[EventType "swiss (blitz)"]
[EventRounds "11"]
[EventCountry "USA"]
[SourceTitle "EXT 2024"]
[Source "ChessBase"]
[SourceDate "2023.10.10"]
[SourceVersion "1"]
[SourceVersionDate "2023.10.10"]
[SourceQuality "1"]

1. e4 g6 2. d4 Bg7 3. Nc3 c6 4. Be3 d5 5. exd5 cxd5 6. Qd2 Nc6 7. Nf3 Bg4 8. Be2 e6 9. h3 Bxf3 10. Bxf3 Nge7 11. 0-0-0 Rc8 12. g4 a6 13. Kb1 b5 14. Ne2 b4 15. h4 h6 16. Nc1 a5 17. Be2 Qb6 18. Nb3 a4 19. Nc5 a3 20. b3 Na5 21. Rc1 Nb7 22. c3 bxc3 23. Rxc3 Nxc5 24. Rxc5 Rxc5 25. dxc5 Qc7 26. Bb5+ Nc6 27. Bf4 Qb7 28. Ba4 0-0 29. Bxh6 Bxh6 30. Qxh6 Qa6 31. Qd2 Ne5 32. h5 Rb8 33. hxg6 Qxa4 34. gxf7+ Nxf7 35. f3 Qb4 36. Qc2 Qd4 37. c6 Rc8 38. Rd1 Qe5 39. Rd2 Qe1+ 40. Rd1 Qe5 41. Rd2 Kf8 42. Qc5+ Qd6 43. Qe3 Qxc6 44. Qe1 Qc3 45. Qd1 Ne5 46. f4 Nd3 47. Rc2 Qb2+ 48. Rxb2 axb2 0-1

[Event "Titled Tuesday intern op 04th Apr Early"]
[Site "Chess.com INT"]
[Date "2023.04.04"]
[Round "7"]
[White "Goltseva, Ekaterina"]
[Black "Alberto, Manuel"]
[Result "1-0"]
[WhiteElo "2283"]
[BlackElo "2173"]
[PlyCount "81"]
[EventDate "2023.04.04"]
[EventType "swiss (blitz)"]
[EventRounds "11"]
[EventCountry "USA"]
[SourceTitle "EXT 2024"]
[Source "ChessBase"]
[SourceDate "2023.10.10"]
[SourceVersion "1"]
[SourceVersionDate "2023.10.10"]
[SourceQuality "1"]

1. h4 e5 2. h5 h6 3. b3 d5 4. Bb2 Nd7 5. g3 c6 6. Bg2 Ngf6 7. Nf3 Bd6 8. Nh4 Nc5 9. d4 exd4 10. Qxd4 Qe7 11. Nc3 a5 12. 0-0-0 a4 13. e4 axb3 14. axb3 Ne6 15. Qd2 Ba3 16. Na4 Bxb2+ 17. Kxb2 b5 18. Nf5 Qf8 19. Qc3 Bd7 20. Nb6 Qa3+ 21. Kb1 Ra6 22. Nxd7 Nxd7 23. exd5 b4 24. Qb2 Qxb2+ 25. Kxb2 cxd5 26. Bxd5 Ndc5 27. Rhe1 0-0 28. Ne7+ Kh8 29. Nc6 Rfa8 30. Nxb4 Ng5 31. Nxa6 Rxa6 32. Bc4 Rb6 33. f4 Nge4 34. Bxf7 Nxg3 35. Re8+ Kh7 36. Rdd8 g5 37. hxg6+ Kg7 38. Rg8+ Kf6 39. Bc4 Nf5 40. Rdf8+ Ke7 41. Rxf5 1-0

[Event "Titled Tuesday intern op 04th Apr Early"]
[Site "Chess.com INT"]
[Date "2023.04.04"]
[Round "8"]
[White "Ruperez Benito, Antonio"]
[Black "Alberto, Manuel"]
[Result "1/2-1/2"]
[WhiteElo "2307"]
[BlackElo "2173"]
[PlyCount "81"]
[EventDate "2023.04.04"]
[EventType "swiss (blitz)"]
[EventRounds "11"]
[EventCountry "USA"]
[SourceTitle "EXT 2024"]
[Source "ChessBase"]
[SourceDate "2023.10.10"]
[SourceVersion "1"]
[SourceVersionDate "2023.10.10"]
[SourceQuality "1"]

1. e4 c5 2. Nf3 d6 3. Bb5+ Bd7 4. Bxd7+ Nxd7 5. 0-0 Ngf6 6. Qe2 e6 7. c3 a6 8. d3 Be7 9. Nbd2 0-0 10. d4 cxd4 11. cxd4 Re8 12. b3 b5 13. Bb2 Qb6 14. a4 Rab8 15. a5 Qb7 16. b4 Rbc8 17. Rac1 Rxc1 18. Rxc1 Rc8 19. Rxc8+ Qxc8 20. Qd3 h6 21. Nb1 Qc6 22. Nc3 d5 23. e5 Ne4 24. Nd2 Nxd2 25. Qxd2 Bxb4 26. Nxd5 Qxd5 27. Qxb4 Nxe5 28. Qe7 Nc4 29. Bc3 Qf5 30. h3 h5 31. Qb7 Kh7 32. Qxa6 Qd3 33. Bb4 Qb1+ 34. Kh2 Qxb4 35. Qb7 Qxa5 36. Qxf7 Qb6 37. Qxh5+ Kg8 38. Qe8+ Kh7 39. Qh5+ Kg8 40. Qe8+ Kh7 41. Qh5+ 1/2-1/2

[Event "African Online op"]
[Site "Tornelo INT"]
[Date "2021.02.04"]
[Round "7"]
[White "Alberto, Manuel"]
[Black "Joelson, Ricardo"]
[Result "0-1"]
[WhiteElo "2167"]
[BlackElo "2017"]
[PlyCount "66"]
[EventDate "2021.02.01"]
[EventType "swiss (rapid)"]
[EventRounds "9"]
[EventCountry "NET"]
[SourceTitle "CBM 200 Extra"]
[Source "ChessBase"]
[SourceDate "2021.03.31"]
[SourceVersion "1"]
[SourceVersionDate "2021.03.31"]
[SourceQuality "1"]

1. e4 e5 2. Nf3 Nf6 3. d4 Nxe4 4. Bd3 d5 5. dxe5 Be6 6. Bxe4 dxe4 7. Qxd8+ Kxd8 8. Ng5 Kd7 9. Nxe4 Nc6 10. f4 Nd4 11. Kd1 Rd8 12. Nbd2 Bg4+ 13. Ke1 Nxc2+ 14. Kf2 Nxa1 15. Ng5 Ke8 16. Nde4 h6 17. Nf3 Nc2 18. Bd2 Nd4 19. Be3 Nxf3 20. gxf3 Bf5 21. Ng3 Be6 22. Rc1 c6 23. a3 g6 24. Bxa7 Be7 25. Ke3 Bf5 26. Bb6 Rd3+ 27. Ke2 Rb3 28. Bd4 h5 29. e6 Rg8 30. exf7+ Kxf7 31. Bc3 h4 32. Ne4 Re8 33. Ng5+ Bxg5+ 0-1

[Event "Online Olym Div3 B"]
[Site "Chess.com INT"]
[Date "2020.08.09"]
[Round "8.2"]
[White "Karimov, Alisher"]
[Black "Alberto, Manuel"]
[Result "1-0"]
[WhiteElo "2222"]
[BlackElo "2167"]
[PlyCount "63"]
[EventDate "2020.08.07"]
[EventType "team-tourn (rapid)"]
[EventRounds "9"]
[EventCountry "USA"]
[SourceTitle "CBM 198"]
[Source "ChessBase"]
[SourceDate "2020.10.31"]
[SourceVersion "1"]
[SourceVersionDate "2020.10.31"]
[SourceQuality "1"]
[WhiteTeam "Tajikistan"]
[BlackTeam "Angola"]
[WhiteTeamCountry "TJK"]
[BlackTeamCountry "ANG"]

1. d4 Nf6 2. c4 c5 3. Nf3 g6 4. Nc3 Bg7 5. g3 0-0 6. Bg2 Nc6 7. 0-0 Qb6 8. d5 Na5 9. b3 Ne4 10. Nxe4 Bxa1 11. Bg5 Bf6 12. Bxf6 exf6 13. Qa1 Kg7 14. d6 Qd8 15. g4 Re8 16. Ne1 Nc6 17. g5 Nd4 18. e3 Rxe4 19. Bxe4 Ne6 20. f4 h6 21. Nf3 Rb8 22. h4 b5 23. Nh2 Kh7 24. Ng4 f5 25. Nf6+ Kh8 26. Bd5 bxc4 27. Bxe6 dxe6 28. d7 Bb7 29. Ne8+ f6 30. gxf6 Qxd7 31. f7+ Kh7 32. Qg7# 1-0

[Event "Online Olym Div3 B"]
[Site "Chess.com INT"]
[Date "2020.08.07"]
[Round "3.2"]
[White "Sousa, Andre Ventura"]
[Black "Alberto, Manuel"]
[Result "1-0"]
[WhiteElo "2394"]
[BlackElo "2167"]
[PlyCount "74"]
[EventDate "2020.08.07"]
[EventType "team-tourn (rapid)"]
[EventRounds "9"]
[EventCountry "USA"]
[SourceTitle "CBM 198"]
[Source "ChessBase"]
[SourceDate "2020.10.31"]
[SourceVersion "1"]
[SourceVersionDate "2020.10.31"]
[SourceQuality "1"]
[WhiteTeam "Portugal"]
[BlackTeam "Angola"]
[WhiteTeamCountry "POR"]
[BlackTeamCountry "ANG"]

1. e4 c5 2. Nf3 d6 3. d4 cxd4 4. Nxd4 Nf6 5. Nc3 a6 6. f3 e5 7. Nb3 Be6 8. Be3 h5 9. Qd2 Nbd7 10. Nd5 Bxd5 11. exd5 Rc8 12. c4 Be7 13. Be2 0-0 14. Na5 Qc7 15. 0-0 Rfe8 16. b4 Bf8 17. h3 e4 18. f4 b6 19. Nc6 Nb8 20. Nd4 Nbd7 21. Rac1 a5 22. a3 axb4 23. axb4 Ra8 24. g4 hxg4 25. hxg4 Ra3 26. Nb5 Qd8 27. Nxa3 Nh7 28. g5 Be7 29. Nb5 Ndf8 30. Nd4 Qd7 31. f5 Qd8 32. Nc6 Qd7 33. Ra1 Bd8 34. Ra7 Qc8 35. Bg4 g6 36. Qg2 Nxg5 37. fxg6 f5 1-0

[Event "Livingstone FIDE zt 4.3"]
[Site "Livingstone"]
[Date "2017.06.15"]
[Round "7"]
[White "Alberto, Manuel"]
[Black "Nyimbili, Dalington"]
[Result "1-0"]
[WhiteElo "2157"]
[BlackElo "2025"]
[PlyCount "67"]
[EventDate "2017.06.10"]
[EventType "swiss"]
[EventRounds "9"]
[EventCountry "ZAM"]
[SourceTitle "EXT 2020"]
[Source "ChessBase"]
[SourceDate "2019.10.17"]
[SourceVersion "1"]
[SourceVersionDate "2019.10.17"]
[SourceQuality "1"]

1. e4 d5 2. exd5 Qxd5 3. Nc3 Qa5 4. Bc4 Nf6 5. Nf3 c6 6. h3 Bf5 7. d4 e6 8. Qe2 Be7 9. Bd2 Qc7 10. g4 Bxc2 11. Rc1 Bg6 12. Ne5 Nfd7 13. Bf4 Bd6 14. h4 Bxe5 15. dxe5 h5 16. f3 Nb6 17. Bb3 Qe7 18. Bg5 Qb4 19. Kf2 N8d7 20. Kg2 Qd4 21. gxh5 Bxh5 22. Rhe1 Bg6 23. Rcd1 Qb4 24. Qe3 0-0 25. h5 Bf5 26. h6 g6 27. Rd4 Qa5 28. h7+ Kg7 29. Rh4 f6 30. Bh6+ Kh8 31. Bxf8 Rxf8 32. exf6 Nd5 33. Bxd5 cxd5 34. Qh6 1-0

[Event "Livingstone FIDE zt 4.3"]
[Site "Livingstone"]
[Date "2017.06.12"]
[Round "4"]
[White "Katowa, Kennedy"]
[Black "Alberto, Manuel"]
[Result "1-0"]
[WhiteElo "2092"]
[BlackElo "2157"]
[PlyCount "88"]
[EventDate "2017.06.10"]
[EventType "swiss"]
[EventRounds "9"]
[EventCountry "ZAM"]
[SourceTitle "EXT 2020"]
[Source "ChessBase"]
[SourceDate "2019.10.17"]
[SourceVersion "1"]
[SourceVersionDate "2019.10.17"]
[SourceQuality "1"]

1. d4 Nf6 2. Nf3 e6 3. g3 c5 4. Bg2 Nc6 5. 0-0 Be7 6. c4 d5 7. Nc3 dxc4 8. Qa4 Bd7 9. Qxc4 Na5 10. Qd3 c4 11. Qc2 Bc6 12. e4 0-0 13. Rd1 Bb4 14. Ne5 Qe7 15. Bg5 h6 16. Be3 Rac8 17. Nxc6 Nxc6 18. h3 a6 19. e5 Nd7 20. Ne4 b5 21. a3 Ba5 22. a4 Bb6 23. axb5 axb5 24. Nd6 Rc7 25. Nxb5 Nb4 26. Qd2 Nd5 27. Bxd5 exd5 28. Nxc7 Bxc7 29. Ra7 Bb6 30. Ra6 Rb8 31. Rda1 Nf8 32. Ra8 Rb7 33. Rc8 Bd8 34. Raa8 Rd7 35. f4 f6 36. Qc2 fxe5 37. fxe5 h5 38. h4 Qb4 39. Qc3 Qb6 40. Rab8 Qg6 41. Bg5 Rf7 42. Rxd8 Qb1+ 43. Bc1 Qe4 44. Qe3 Qc2 1-0

[Event "Livingstone FIDE zt 4.3"]
[Site "Livingstone"]
[Date "2017.06.11"]
[Round "2"]
[White "Mosenya, Ndawana"]
[Black "Alberto, Manuel"]
[Result "0-1"]
[WhiteElo "2044"]
[BlackElo "2157"]
[PlyCount "118"]
[EventDate "2017.06.10"]
[EventType "swiss"]
[EventRounds "9"]
[EventCountry "ZAM"]
[SourceTitle "EXT 2020"]
[Source "ChessBase"]
[SourceDate "2019.10.17"]
[SourceVersion "1"]
[SourceVersionDate "2019.10.17"]
[SourceQuality "1"]

1. e4 c5 2. c3 d5 3. exd5 Qxd5 4. d4 Nc6 5. Nf3 Bg4 6. Nbd2 cxd4 7. Bc4 Qd7 8. Qb3 e6 9. Nxd4 Na5 10. Qb5 Nxc4 11. Qxd7+ Kxd7 12. Nxc4 f6 13. h3 Bh5 14. f4 Bc5 15. Be3 Rc8 16. b3 Ne7 17. g4 Bf7 18. 0-0-0 Nd5 19. Kb2 Rhd8 20. Nc2 Ke7 21. Bd2 b5 22. Na5 Rd7 23. c4 bxc4 24. Nxc4 Rb7 25. Rhf1 Rcc7 26. N4e3 Nb6 27. Ba5 Rd7 28. Rxd7+ Rxd7 29. Re1 Rd3 30. Bb4 Nd7 31. Rd1 Rxd1 32. Nxd1 Bxb4 33. Nxb4 Kd6 34. Kc3 e5 35. Ne3 exf4 36. Nf5+ Kc7 37. Nxg7 Ne5 38. Kd4 Kd7 39. Nh5 Bxh5 40. gxh5 f3 41. Nd3 Kd6 42. Ke3 Nxd3 43. Kxd3 Kc5 44. Ke3 f2 45. Kxf2 Kb4 46. Ke3 Ka3 47. b4 Kxa2 48. Kd4 Kb3 49. Kc5 f5 50. b5 f4 51. Kd4 Kb4 52. b6 axb6 53. Ke4 f3 54. Kxf3 Kc4 55. Ke2 Kc3 56. Kd1 Kb2 57. h6 b5 58. Kd2 b4 59. Kd3 b3 0-1

[Event "Lisbon Portugal op"]
[Site "Lisbon"]
[Date "2017.02.04"]
[Round "1"]
[White "Alberto, Manuel"]
[Black "Damjanovic, Vuk"]
[Result "1-0"]
[WhiteElo "2174"]
[BlackElo "1550"]
[PlyCount "73"]
[EventDate "2017.02.04"]
[EventType "swiss"]
[EventRounds "9"]
[EventCountry "POR"]
[SourceTitle "CBM 176 Extra"]
[Source "ChessBase"]
[SourceDate "2017.03.02"]
[SourceVersion "1"]
[SourceVersionDate "2017.03.02"]
[SourceQuality "1"]

1. e4 c6 2. d4 d5 3. e5 Bf5 4. Ne2 e6 5. Ng3 Bg6 6. h4 h6 7. h5 Bh7 8. Nd2 c5 9. Nf3 Nc6 10. dxc5 Bxc5 11. Bd3 Bxd3 12. cxd3 Qb6 13. 0-0 Nge7 14. Qa4 Qb4 15. Qxb4 Nxb4 16. Rd1 Nbc6 17. d4 Bb6 18. Be3 0-0-0 19. a3 Na5 20. Nd2 Kb8 21. b4 Nac6 22. Nb3 Rc8 23. Kf1 g6 24. Nc5 Bd8 25. Ke2 gxh5 26. Nxh5 Nf5 27. g4 Nxe3 28. fxe3 b6 29. Nd7+ Kb7 30. Rf1 Rc7 31. Ndf6 Ne7 32. Kd3 Ng8 33. Ne8 Rd7 34. Rxf7 Rxf7 35. Nd6+ Kb8 36. Nxf7 Rh7 37. Nxd8 1-0

[Event "Gibraltar Challenger op-B"]
[Site "Caleta"]
[Date "2017.02.01"]
[Round "5"]
[White "Mashayekh, Majid"]
[Black "Alberto, Manuel"]
[Result "0-1"]
[WhiteElo "1944"]
[BlackElo "2168"]
[PlyCount "68"]
[EventDate "2017.01.28"]
[EventType "swiss"]
[EventRounds "5"]
[EventCountry "GGB"]
[SourceTitle "EXT 2018"]
[Source "ChessBase"]
[SourceDate "2017.10.13"]
[SourceVersion "1"]
[SourceVersionDate "2017.10.13"]
[SourceQuality "1"]

1. d4 Nf6 2. c4 c5 3. d5 e5 4. Nc3 d6 5. e4 Be7 6. Be2 0-0 7. Nf3 a6 8. 0-0 Ne8 9. Qc2 Bg4 10. h3 Bc8 11. Bd3 Nd7 12. a3 Rb8 13. b4 b6 14. Be3 Nef6 15. Rab1 Nh5 16. Qd2 Ra8 17. bxc5 Nxc5 18. Bxc5 bxc5 19. Ne2 g6 20. g4 Ng7 21. Nh2 Bg5 22. Qb2 h5 23. Qb6 Qe7 24. f3 Bd7 25. Kg2 f5 26. Qc7 Rfc8 27. Qa5 fxg4 28. fxg4 hxg4 29. hxg4 Ne8 30. Ng3 Bf4 31. Be2 Qg5 32. Qc3 Nf6 33. Nf3 Qxg4 34. Nxe5 Qh3+ 0-1

[Event "Gibraltar Challenger op-B"]
[Site "Caleta"]
[Date "2017.01.30"]
[Round "3"]
[White "Alberto, Manuel"]
[Black "Suez Panama, Gilles"]
[Result "0-1"]
[WhiteElo "2168"]
[BlackElo "2010"]
[PlyCount "52"]
[EventDate "2017.01.28"]
[EventType "swiss"]
[EventRounds "5"]
[EventCountry "GGB"]
[SourceTitle "EXT 2018"]
[Source "ChessBase"]
[SourceDate "2017.10.13"]
[SourceVersion "1"]
[SourceVersionDate "2017.10.13"]
[SourceQuality "1"]

1. e4 e6 2. d4 d5 3. e5 c5 4. c3 Nc6 5. Nf3 Nge7 6. Bd3 Nf5 7. Bxf5 exf5 8. 0-0 cxd4 9. cxd4 Be7 10. Nc3 Be6 11. Ne2 g5 12. Ne1 f4 13. Bd2 Bg4 14. f3 Bf5 15. Qb3 Rb8 16. Rc1 0-0 17. Kh1 Na5 18. Bxa5 Qxa5 19. Nc3 Rfd8 20. Nc2 Bd3 21. Nxd5 Bxf1 22. Nxe7+ Kf8 23. Nf5 Bxg2+ 24. Kg1 Bh3 25. Nd6 Rxd6 26. exd6 Qd2 0-1